Normal view
MARC view
- Bilal Farooq, Maria Bibi, Shahroz Zamir Ansari
Entry Personal Name
001 - CONTROL NUMBER
- control field: 55043
003 - CONTROL NUMBER IDENTIFIER
- control field: NUST
005 - DATE AND TIME OF LATEST TRANSACTION
- control field: 20210421120127.0
008 - FIXED-LENGTH DATA ELEMENTS
- fixed length control field: 210421|| aca||aabn | a|a d
040 ## - CATALOGING SOURCE
- Original cataloging agency: NUST
- Transcribing agency: NUST
100 ## - HEADING--PERSONAL NAME
- Personal name: Bilal Farooq, Maria Bibi, Shahroz Zamir Ansari
670 ## - SOURCE DATA FOUND
- Source citation: Work cat.: (NUST): Bilal Farooq, Maria Bibi, Shahroz Zamir Ansari., Optimization of Urea Process Vent and Remediation of Existing Complications with CD (UG-CHE-2016), 2016SCME.
